| 000 | 01227nam a22003857a 4500 | ||
|---|---|---|---|
| 003 | CHAP | ||
| 005 | 20220817044353.0 | ||
| 008 | 100906s1991 mx a r 00010 spa d | ||
| 010 | _a99204 | ||
| 011 | _a100176 | ||
| 020 | _a0394748522 | ||
| 035 | _a110862 | ||
| 040 | _cCHAP | ||
| 090 | _aFolleto 17803 | ||
| 245 | 0 | 4 |
_aThe audubon society pocket guides : _bwestern region familiar trees of North America _ceditado, /por Ann H. Whitmann |
| 250 | _a3 ed. | ||
| 260 |
_aNew York N Y. : _bAlfred A. Knopf, _c1991 |
||
| 300 |
_a192 p. : _bilus. |
||
| 590 |
_aBATCH-UPD _b10 _c20130110 _lUCH01 _h1019 |
||
| 590 |
_aBATCH-UPD _b10 _c20130410 _lUCH01 _h0625 |
||
| 590 |
_aBATCH-UPD _b10 _c20130914 _lUCH01 _h1034 |
||
| 590 |
_aCONVERSION _b10 _c20130109 _lUCH01 _h1355 |
||
| 650 | 1 | 4 |
_aÁrboles _xClasificación. _982435 |
| 650 | 1 | 4 |
_aÁrboles _xE.U.A. _96592 |
| 650 | 1 | 4 |
_aÁrboles _xIdentificación. _982437 |
| 650 | 1 | 4 | _aConíferas. |
| 650 | 1 | 4 |
_aConos. _927252 |
| 650 | 1 | 4 |
_aHojas _xIdentificación. _955862 |
| 650 | 1 | 4 |
_aMadera dura. _969651 |
| 650 | 1 | 4 |
_aPináceas _xSemilla. _988264 |
| 700 | 1 |
_aWhitman, Ann H _9121753 |
|
| 901 | _aBK | ||
| 942 | _cFOLL | ||
| 949 |
_aFolleto 17803 _bBC _cFOLL _d33724002217587 _eTS1 _i110862 _sb |
||
| 999 |
_c99204 _d99204 |
||